01009cam a22002413a 450000100060000000300060000600500170001200800410002904000150007004200070008505000070009224500830009926000290018250503330021150600300054451600200057465300200059465300180061465300300063270000340066283000290069685600420072516405PGUSA20140828083341.0050801s2005||||xxu|||||s|||||000 1 eng d aPGUSAbeng adc 4aPN10aStories of Mystery :bLittle Classics, Volume 8 (of 18)h[electronic resource] bProject Gutenberg,c20050 aThe Ghost, William D. O'Connor -- The Four-Fifteen Express, Amelia B. Edwards -- The Signal-Man, Charles Dickens -- The Haunted Ships, Allan Cunningham -- A Raft That No Man Made, Robert T.S. Lowell -- The Invisible Princess, Francis O'Connor -- The Advocate's Wedding-Day, Catherine Crowe -- The Birthmark, Nathaniel Hawthorne. aPublic domain in the USA. aElectronic text aMystery fiction aShort stories aLiterature -- Collections1 aJohnson, Rossiter,d1840-1931 0aProject Gutenbergv1640540uhttp://www.gutenberg.org/ebooks/16405